| 000 | 01104nam a22002177a 4500 | ||
|---|---|---|---|
| 999 |
_c18026 _d18026 |
||
| 003 | BDDh-ASL | ||
| 005 | 20231015025654.0 | ||
| 008 | 200917b1981 ||||| b||| 00| 0 d | ||
| 040 |
_aBDDh-ASL _cBDDh-ASL _dBDDh-ASL |
||
| 041 | _abengali | ||
| 082 |
_a300 _bISB |
||
| 100 |
_9861 _aইসলাম, সিরাজুল |
||
| 245 | 1 |
_aবাংলাদেশের ভূমি ব্যবস্থা ও সামাজিক সমস্যা: _bপ্রবন্ধ সংগ্রহ; বর্ধিত দ্বিতীয় সংস্করণ/ _cসিরাজুল ইসলাম। |
|
| 246 | _aBangladesher Bhumi Bebostha O Samajik Somossa. | ||
| 260 |
_aঢাকা: _bকথা বিচিত্রা, _c১৯৮১। |
||
| 300 |
_a২১৪ পৃষ্ঠা: _c২১ সে. মি.। |
||
| 504 | _aগ্রন্থপঞ্জি সংযুক্ত। | ||
| 600 | _2বাংলাদেশ | ||
| 650 | 0 |
_9862 _aভূমি ব্যবস্থা _xসামাজিক সমস্যা _xসমাজ বিজ্ঞান |
|
| 942 |
_2ddc _cBK |
||